| 000 | 00644cam a22002293a 4500 | ||
|---|---|---|---|
| 001 | 17876 | ||
| 003 | PGUSA | ||
| 005 | 20140828083400.0 | ||
| 008 | 060227s2006||||xxu|||||s|||||000 | eng d | ||
| 040 |
_aPGUSA _beng |
||
| 042 | _adc | ||
| 050 | 4 | _aPQ | |
| 100 | 1 |
_aGiacosa, Giuseppe, _d1847-1906 |
|
| 245 | 1 | 0 |
_aCome le foglie _h[electronic resource] / _cGiuseppe Giacosa |
| 260 |
_bProject Gutenberg, _c2006 |
||
| 506 | _aPublic domain in the USA. | ||
| 516 | _aElectronic text | ||
| 653 | _aItalian drama (Comedy) -- 19th century | ||
| 830 | 0 |
_aProject Gutenberg _v17876 |
|
| 856 | 4 | 0 | _uhttp://www.gutenberg.org/ebooks/17876 |
| 942 | _cEB | ||
| 999 |
_c247131 _d247131 |
||